Интеллектуальные технологии мониторинга и управления структурной динамикой сложных технических объектов

Xehetasun bibliografikoak
Egile nagusia: Охтилев М. Ю. Михаил Юрьевич
Erakunde egilea: Российская академия наук
Beste egile batzuk: Соколов Б. В. Борис Владимирович, Юсупов Р. М. Рафаэль Мидхатович
Gaia:В монографии предлагается новый подход к формализации и решению проблемы комплексной автоматизации процессов мониторинга и управления состояниями сложных технических объектов (СТО), базирующийся на их полимодельном многокритериальном описании, концепциях и принципах теорий управления структурной динамикой, распознавания образов, недоопределенных вычислений и программирования в ограничениях. Описаны комбинированные методы и алгоритмы автоматического (автоматизированного) синтеза программ мониторинга и управления СТО при наличии некорректной, неточной и противоречивой измерительной информации. Приведены примеры практической реализации разработанного подхода применительно к СТО в критических приложениях (атомная энергетика, космонавтика и т.п.). Для научно-технических работников, преподавателей, аспирантов и студентов вузов, специализирующихся в области создания и применения автоматизированных систем контроля и управления СТО.
Hizkuntza:errusiera
Argitaratua: Москва, Наука, 2006
Saila:Информатика: неограниченные возможности и возможные ограничения
Gaiak:
Formatua: Liburua
KOHA link:https://koha.lib.tpu.ru/cgi-bin/koha/opac-detail.pl?biblionumber=78582

MARC

LEADER 00000nam0a2200000 4500
001 78582
005 20231031093908.0
010 |a 5020337897 
035 |a (RuTPU)RU\TPU\book\84261 
090 |a 78582 
100 |a 20050627d2006 k y0rusy50 ca 
101 0 |a rus 
102 |a RU 
105 |a a z 001zy 
200 1 |a Интеллектуальные технологии мониторинга и управления структурной динамикой сложных технических объектов  |f М. Ю. Охтилев, Б. В. Соколов, Р. М. Юсупов  |g Российская академия наук 
210 |a Москва  |c Наука  |d 2006 
215 |a 410 с.  |c ил. 
225 1 |a Информатика: неограниченные возможности и возможные ограничения 
320 |a Библиография в конце книги. 
330 |a В монографии предлагается новый подход к формализации и решению проблемы комплексной автоматизации процессов мониторинга и управления состояниями сложных технических объектов (СТО), базирующийся на их полимодельном многокритериальном описании, концепциях и принципах теорий управления структурной динамикой, распознавания образов, недоопределенных вычислений и программирования в ограничениях. Описаны комбинированные методы и алгоритмы автоматического (автоматизированного) синтеза программ мониторинга и управления СТО при наличии некорректной, неточной и противоречивой измерительной информации. Приведены примеры практической реализации разработанного подхода применительно к СТО в критических приложениях (атомная энергетика, космонавтика и т.п.). Для научно-технических работников, преподавателей, аспирантов и студентов вузов, специализирующихся в области создания и применения автоматизированных систем контроля и управления СТО. 
610 1 |a автоматика 
610 1 |a сложные технические объекты 
610 1 |a структурная динамика 
610 1 |a управление 
610 1 |a мониторинг 
610 1 |a комплексная автоматизация 
610 1 |a системный анализ 
610 1 |a комплексное моделирование 
610 1 |a интеллектуальные технологии 
610 1 |a интеллектуальные информационные технологии 
610 1 |a синтез 
610 1 |a адаптивный синтез 
675 |a 681.51.075  |v 3 
700 1 |a Охтилев  |b М. Ю.  |g Михаил Юрьевич 
701 1 |a Соколов  |b Б. В.  |g Борис Владимирович 
701 1 |a Юсупов  |b Р. М.  |g Рафаэль Мидхатович 
712 0 2 |a Российская академия наук  |2 stltpush  |3 (RuTPU)RU\TPU\col\51 
801 1 |a RU  |b 63413507  |c 20050627  |g PSBO 
801 2 |a RU  |b 63413507  |c 20160219  |g PSBO 
900 |a Современные проблемы автоматизации и управления 
942 |c BK 
959 |a 53/20050505  |d 1  |e 0  |f НФ:1